LEADER 01451nam0 22003133i 450 001 SBL0069248 005 20231121125813.0 020 $aIT$b687430 100 $a20160725d1968 ||||0itac50 ba 101 | $aita 102 $ait 181 1$6z01$ai $bxxxe 182 1$6z01$an 200 1 $aIntroduzione alla teoria della proprieta per tutti, ovvero La mia soluzione del problema economico-politico$fCarmelo Ottaviano 210 $aPadova$cCEDAM$d1968 215 $a110 p.$d24 cm. 225 | $aPubblicazioni dell'Istituto universitario di magistero di Catania$i. Serie filosofica$i. Saggi e monografie$v59________ 410 0$1001RAV0095234$12001 $aPubblicazioni dell'Istituto universitario di magistero di Catania$i. Serie filosofica$i. Saggi e monografie$v59________ 606 $aFilosofia$2FIR$3RMLC001456$9I 620 $aIT$dPadova$3CAGL002595 700 1$aOttaviano$b, Carmelo$3RAVV044391$4070$0159469 801 3$aIT$bIT-01$c20160725 850 $aIT-FR0098 899 $aBiblioteca Area Giuridico Economica$bFR0098 912 $aSBL0069248 950 0$aBiblioteca Area Giuridico Economica$d 53DSG 07/0419$e 53VM 0000241605 VM barcode:GIU0004752. - Inventario:4395VM$fA $h20010423$i20121204 977 $a 53 996 $aIntroduzione alla teoria della proprietà per tutti, ovvero, La mia soluzione del problema economico-politico$9873122 997 $aUNICAS